Every Hummer Vehicle By Picture - Statistics

General Stats
  • This quiz has been taken 28 times
  • The average score is 5 of 6
Answer Stats
Picture Hint Answer % Correct
1992–2006 H1
100%
2002–2009 H2
100%
2005-2010 H3
100%
2022-present EV
73%
2005-2006 H1 Alpha
47%
2022-present EV SUV
40%
No matching quizzes found
Score Distribution
Percent of People with Each Score
Percentile by Number Answered
Your Score History
You have not taken this quiz